| 000 | | | 04884nmc2a22003133x 450 |
| 001 | | | 3580908e-6686-4613-90b1-0b16adc83bf2 |
| 005 | | | 20211209174712.0 |
| 100 | ## | $a | 20211120l19091912k y0rusy50 ca |
| 101 | 0# | $a | rus |
| 102 | ## | $a | RU |
| 105 | ## | $a | a z ||||| |
| 122 | 2# | $a | d19091231 |
| | $a | d19121231 |
| 122 | 0# | $a | d1911 |
| 200 | 1# | $a | М.... Н. О разных личных делах. Одно письмо /1911 г./ с приложением вырезки из газеты со статьей Жана Леуса - об американских сектантах - "мормонах" /на французском языке/ |
| | $j | 1909-1912 |
| 215 | ## | $a | 34 листа |
| | $c | ил. |
| 251 | ## | $c | Дело |
| 300 | ## | $a | Заголовок дела на папке: Письма Н. М. - Звегинцеву Александру Ивановичу. (О разных личных и семейных делах. Одно письмо (1911 г.) с приложением статьи Жана Леуса из французской газеты об американских сектантах "мормонах") |
| 300 | ## | $a | Листы: 1, 2, 5, 6, 7, 15-17, 19, 32 - почтовые открытки; 1, 5, 6, 7, 9об, 14об, 17, 19 - марки почтовые; 9об - цветное тиснение; 10 - газетная вырезка |
| 300 | ## | $a | Рукописный и типографский текст |
| 330 | ## | $a | Входит в раздел описи: 1. Письма к А. И. Звегинцову. 1/ Личная переписка |
| 461 | #0 | $1 | 001fc48e33c-c630-4015-85dd-2f2aab656f45 |
| | $1 | 2001 |
| | $a | Звегинцев Александр Иванович, помещик Воронежской губернии, депутат III Государственной думы, член партии "Союз 17 октября" |
| | $1 | 251 |
| | $c | Фонд |
| | $1 | 852 |
| | $j | 932 |
| 462 | #0 | $1 | 001ddcf82e7-7bd9-4c5e-b7f1-85df8b3febb3 |
| | $1 | 2001 |
| | $a | Дела постоянного хранения. 1899-1913 гг. |
| | $v | Д. 13 |
| | $1 | 251 |
| | $c | Опись |
| | $1 | 852 |
| | $j | 1 |
| 517 | 1# | $a | Письма Н. М. - Звегинцеву Александру Ивановичу. (О разных личных и семейных делах. Одно письмо (1911 г.) с приложением статьи Жана Леуса из французской газеты об американских сектантах "мормонах") |
| 600 | #1 | $a | Звегинцев |
| | $b | А. И. |
| | $g | Александр Иванович |
| 600 | #0 | $a | Н. М. |
| 600 | #1 | $a | Леус |
| | $b | Ж. |
| | $g | Жан |
| 801 | #0 | $a | RU |
| | $b | GA_RF |
| 801 | #1 | $a | RU |
| | $b | ГлавНИВЦ |
| | $c | 20211120 |
| | $2 | rusmarc |
| 801 | #2 | $a | RU |
| | $b | ПБ им. Б.Н. Ельцина |
| | $c | 20211209 |
| | $g | RCR |
| | $2 | rusmarc |
| 852 | ## | $a | ГА РФ |
| | $j | 13 |
| 937 | ## | $d | 171368223 |
| | $h | ГАРФ |
| 035 | ## | $a | RuPRLIB51062403 |
| 856 | ## | $u | http://readingroom.main.prlib.ru/item.aspx?id_node=n171368223&mode=full |